000 00445nam a2200169 4500
020 _a9780070669246
082 _a621.3822 SAL
100 _aSalivahanan, S.
245 _aDigital signal processing
250 _a2nd ed.
260 _aNew Delhi
_bMcGraw Hill
_c2010
300 _axv, 923 p.
_bill. ;
500 _aIncludes Index
650 _aSignal processing--Digital techniques.
700 _aVallavaraj, A. and Gnanapriya C.
942 _cBK
999 _c12351
_d12351